000 00507nam a2200181Ia 4500
003 GCL
008 140319s9999 xx 000 0 ara d
040 _aGCL /
_cGCL
082 0 4 _a274.2
_bص.ح
100 1 _aصبرى بطرس
245 1 0 _aحديثى مع الله /
_cصبرى بطرس
260 _a[S.N] :
_bدار الثقافة المسيحية ،
_c1985
300 _a63 ص
490 _aسلسلة كتب الشباب
_v0
650 0 4 _aالصلاة
650 0 4 _aالمسيح
942 _2ddc
_cBK
999 _c53144
_d53144